[Event "Bayern-ch Seniors 25th"]
[Site "Bergen"]
[Date "2013.06.15"]
[Round "1.42"]
[White "David, Juergen"]
[Black "Perzl, Michael"]
[Result "0-1"]
[WhiteElo "1368"]
[BlackElo "1711"]
[PlyCount "92"]
[EventDate "2013.06.15"]
[EventType "swiss"]
[EventRounds "9"]
[EventCountry "GER"]
[SourceTitle "EXT 2022"]
[Source "ChessBase"]
[SourceDate "2021.10.06"]
[SourceVersion "1"]
[SourceVersionDate "2021.10.06"]
[SourceQuality "1"]

1. d4 d5 2. Nf3 Nf6 3. e3 a6 4. c4 dxc4 5. Bxc4 b5 6. Be2 Bb7 7. 0-0 e6 8. a3 Nbd7 9. Ne5 Nxe5 10. dxe5 Nd7 11. f4 c5 12. Bf3 Qb6 13. Bxb7 Qxb7 14. Qe2 c4 15. Nc3 Nc5 16. Rd1 Nb3 17. Rb1 Bc5 18. Na2 0-0 19. Bd2 Qb6 20. Kf2 a5 21. Nc3 Rfd8 22. Ne4 Nxd2 23. Rxd2 Rxd2 24. Qxd2 Rd8 25. Qe2 Be7 26. Rd1 Rd5 27. Nc3 Rxd1 28. Qxd1 Qc6 29. Qf3 Qxf3+ 30. Kxf3 b4 31. axb4 axb4 32. Na4 f5 33. h3 Kf7 34. g3 Bd8 35. Ke2 Ba5 36. Kf3 c3 37. Ke2 c2 38. Kd2 b3+ 39. Kc1 Bb4 40. Nb6 Bc5 41. Nc4 h5 42. Kd2 Ke7 43. Kc1 Kd8 44. Kd2 Bb4+ 45. Kc1 Kc7 46. Nd6 Bxd6 0-1

[Event "Hessen-ch Seniors op 04th"]
[Site "Bad Sooden-Allendorf"]
[Date "2008.05.02"]
[Round "9"]
[White "Girod, Gudrun"]
[Black "David, Juergen"]
[Result "1/2-1/2"]
[WhiteElo "1268"]
[BlackElo "1331"]
[PlyCount "30"]
[EventDate "2008.04.24"]
[EventType "swiss"]
[EventRounds "9"]
[EventCountry "GER"]
[SourceTitle "EXT 2022"]
[Source "ChessBase"]
[SourceDate "2021.10.06"]
[SourceVersion "1"]
[SourceVersionDate "2021.10.06"]
[SourceQuality "1"]

1. d4 d5 2. Bf4 e6 3. Nf3 Bd6 4. Be5 f6 5. Bxd6 Qxd6 6. e3 Ne7 7. c3 a6 8. Nbd2 b6 9. Bd3 c5 10. 0-0 c4 11. Bc2 b5 12. e4 h6 13. e5 fxe5 14. Nxe5 Bd7 15. Nxd7 Nxd7 1/2-1/2

[Event "Hessen-ch Seniors op 04th"]
[Site "Bad Sooden-Allendorf"]
[Date "2008.05.01"]
[Round "8"]
[White "David, Juergen"]
[Black "Fuchs, Manfred1111"]
[Result "0-1"]
[WhiteElo "1331"]
[BlackElo "1561"]
[PlyCount "66"]
[EventDate "2008.04.24"]
[EventType "swiss"]
[EventRounds "9"]
[EventCountry "GER"]
[SourceTitle "EXT 2022"]
[Source "ChessBase"]
[SourceDate "2021.10.06"]
[SourceVersion "1"]
[SourceVersionDate "2021.10.06"]
[SourceQuality "1"]

1. d4 Nf6 2. Nf3 d5 3. h3 Nbd7 4. e3 a6 5. c4 e6 6. a3 c5 7. Nc3 cxd4 8. Nxd4 Nb6 9. cxd5 Nbxd5 10. Bd2 Bd7 11. Bc4 Nxc3 12. Bxc3 Rc8 13. Qb3 b5 14. Bxe6 fxe6 15. Nxe6 Qe7 16. Nxf8 Qxf8 17. Rd1 Ne4 18. 0-0 Nxc3 19. bxc3 Qf6 20. Qd5 Be6 21. Qb7 0-0 22. Qxa6 Qf5 23. Rd4 Bc4 24. Rf4 Qd3 25. Rxf8+ Rxf8 26. Rc1 Qd2 27. Rb1 Qxf2+ 28. Kh2 Qxe3 29. Qc6 Qe5+ 30. Kg1 h6 31. Qg6 Qxc3 32. Rb4 Rf1+ 33. Kh2 Qe5+ 0-1

[Event "Hessen-ch Seniors op 04th"]
[Site "Bad Sooden-Allendorf"]
[Date "2008.04.24"]
[Round "1"]
[White "Lange, Lutz"]
[Black "David, Juergen"]
[Result "1-0"]
[WhiteElo "1695"]
[BlackElo "1331"]
[PlyCount "49"]
[EventDate "2008.04.24"]
[EventType "swiss"]
[EventRounds "9"]
[EventCountry "GER"]
[SourceTitle "EXT 2022"]
[Source "ChessBase"]
[SourceDate "2021.10.06"]
[SourceVersion "1"]
[SourceVersionDate "2021.10.06"]
[SourceQuality "1"]

1. d4 d5 2. Nf3 Bg4 3. e3 Bxf3 4. Qxf3 e6 5. c4 c6 6. Bd3 Nf6 7. 0-0 Be7 8. Nc3 dxc4 9. Bxc4 Nbd7 10. a3 Nb6 11. Bb3 Qc7 12. e4 a6 13. Bf4 Qd7 14. Rad1 Qd8 15. Rfe1 h6 16. h3 Nbd7 17. d5 cxd5 18. exd5 exd5 19. Bd6 Nc5 20. Bxc5 Rc8 21. Bxe7 Qxe7 22. Rxe7+ Kxe7 23. Nxd5+ Nxd5 24. Qxd5 Rhe8 25. Qd6# 1-0

[Event "Brandenburg Seniors op 15th"]
[Site "Rowy"]
[Date "2006.06.27"]
[Round "8"]
[White "David, Juergen"]
[Black "Meller, Hans"]
[Result "1/2-1/2"]
[WhiteElo "1374"]
[BlackElo "1460"]
[PlyCount "59"]
[EventDate "2006.06.19"]
[EventType "swiss"]
[EventRounds "9"]
[EventCountry "POL"]
[SourceTitle "EXT 2007"]
[Source "ChessBase"]
[SourceDate "2006.11.23"]
[SourceVersion "1"]
[SourceVersionDate "2006.11.23"]
[SourceQuality "1"]

1. d4 Nf6 2. Nf3 g6 3. b3 Bg7 4. Bb2 0-0 5. c4 d6 6. Nc3 Nbd7 7. e3 c6 8. Bd3 Qc7 9. 0-0 e5 10. Rc1 a6 11. Ba1 Re8 12. Bb1 Rb8 13. a3 b6 14. Ba2 Bb7 15. b4 c5 16. d5 Bc8 17. e4 Nf8 18. h3 h6 19. b5 a5 20. a4 h5 21. Nh2 Qd7 22. f3 Bh6 23. Rc2 Be3+ 24. Kh1 Bf4 25. Qe1 N6h7 26. Ne2 Bh6 27. Bb1 Qe7 28. Bc3 Bd7 29. Ng1 Rb7 30. Bd2 1/2-1/2

[Event "Brandenburg Seniors op 15th"]
[Site "Rowy"]
[Date "2006.06.26"]
[Round "7"]
[White "David, Juergen"]
[Black "Heinrich, Klaus1111"]
[Result "0-1"]
[WhiteElo "1374"]
[BlackElo "1596"]
[PlyCount "76"]
[EventDate "2006.06.19"]
[EventType "swiss"]
[EventRounds "9"]
[EventCountry "POL"]
[SourceTitle "EXT 2007"]
[Source "ChessBase"]
[SourceDate "2006.11.23"]
[SourceVersion "1"]
[SourceVersionDate "2006.11.23"]
[SourceQuality "1"]

1. d4 d5 2. Nf3 Bf5 3. e3 e6 4. Bd2 Nd7 5. Be2 Bd6 6. b3 a6 7. c4 b6 8. Bc3 Ngf6 9. Nbd2 h6 10. 0-0 0-0 11. Ne1 c6 12. f4 Ne4 13. Bb2 c5 14. Bf3 cxd4 15. exd4 Nxd2 16. Qxd2 Nf6 17. Rc1 Rc8 18. g3 Be4 19. Bg2 Bxg2 20. Qxg2 Ne4 21. Nd3 f5 22. Ne5 dxc4 23. bxc4 Bxe5 24. fxe5 Qd7 25. Rfd1 Qa4 26. Rd3 Rxc4 27. Ra3 Rxc1+ 28. Bxc1 Qd1+ 29. Qf1 Qxd4+ 30. Be3 Qxe5 31. Bxb6 Rc8 32. Rxa6 Nd2 33. Qd1 Qd5 34. Kf2 Ne4+ 35. Ke1 Qb5 36. Be3 Qxa6 37. Qd7 Rc2 38. Qe8+ Kh7 0-1

[Event "Brandenburg Seniors op 15th"]
[Site "Rowy"]
[Date "2006.06.23"]
[Round "4"]
[White "Bergmann, Hans Dieter"]
[Black "David, Juergen"]
[Result "0-1"]
[WhiteElo "1515"]
[BlackElo "1374"]
[PlyCount "106"]
[EventDate "2006.06.19"]
[EventType "swiss"]
[EventRounds "9"]
[EventCountry "POL"]
[SourceTitle "EXT 2007"]
[Source "ChessBase"]
[SourceDate "2006.11.23"]
[SourceVersion "1"]
[SourceVersionDate "2006.11.23"]
[SourceQuality "1"]

1. e4 c5 2. Nf3 d6 3. d4 cxd4 4. Nxd4 e6 5. Nc3 a6 6. Bc4 Be7 7. Be3 Nf6 8. f3 0-0 9. Qd2 Kh8 10. 0-0-0 Nc6 11. Nb3 b5 12. Be2 Bd7 13. g4 Ne5 14. g5 Ng8 15. Qe1 Rc8 16. Qf2 Nc4 17. Bxc4 Rxc4 18. f4 Qc8 19. Bd4 e5 20. fxe5 Bxg5+ 21. Kb1 dxe5 22. Bxe5 Bf6 23. Bxf6 Nxf6 24. Nd2 Rc6 25. Rhg1 Rg8 26. e5 Ng4 27. Qf4 Be6 28. Nde4 Rc4 29. Qg3 Qb8 30. Nd6 Rc5 31. Qxg4 Qxd6 32. exd6 Bxg4 33. Rxg4 Rcc8 34. Nd5 Rcd8 35. Ne7 Rge8 36. Nf5 g6 37. d7 Re5 38. Ng3 Rxd7 39. Rc1 h5 40. Re4 Red5 41. Re8+ Kg7 42. Ne4 f5 43. Nf2 Rd2 44. Rf1 Rxf2 45. Rg1 Rxh2 46. Re6 Rg2 47. Rc1 a5 48. a3 Rb7 49. Ka2 Rg4 50. Ra6 a4 51. c3 h4 52. Rc6 Kh6 53. Rc5 Kh5 0-1

[Event "NRW-ch Seniors 16th"]
[Site "Hattingen"]
[Date "2005.05.28"]
[Round "8"]
[White "Niebaum, Karl"]
[Black "David, Juergen"]
[Result "1-0"]
[WhiteElo "1730"]
[BlackElo "1340"]
[PlyCount "109"]
[EventDate "2005.05.21"]
[EventType "swiss"]
[EventRounds "9"]
[EventCountry "GER"]
[SourceTitle "EXT 2007"]
[Source "ChessBase"]
[SourceDate "2006.11.23"]
[SourceVersion "1"]
[SourceVersionDate "2006.11.23"]
[SourceQuality "1"]

1. e4 e5 2. Nf3 d6 3. d4 Nd7 4. Bc4 Be7 5. Nc3 Ngf6 6. 0-0 0-0 7. Bb3 c6 8. Re1 b5 9. a4 b4 10. Na2 a5 11. c3 bxc3 12. bxc3 Rb8 13. Bc2 Bb7 14. Ba3 Ne8 15. Nc1 Nc7 16. Ne2 Ne6 17. Ng3 g6 18. Ne2 Rc8 19. Bb3 c5 20. d5 Ng5 21. Nxg5 Bxg5 22. Bc1 Bxc1 23. Qxc1 c4 24. Bc2 Nf6 25. Qe3 Rc5 26. Rab1 Bc8 27. Rb2 Ng4 28. Qg3 h5 29. h3 h4 30. Qf3 Nh6 31. Qe3 g5 32. Reb1 f5 33. f3 Qf6 34. Rb5 f4 35. Qf2 g4 36. fxg4 f3 37. gxf3 Qxf3 38. Qxf3 Rxf3 39. Kg2 Re3 40. Kf2 Rxh3 41. Rxc5 Nxg4+ 42. Ke1 Rh1+ 43. Kd2 dxc5 44. Rxh1 Nf6 45. Rxh4 Kf7 46. Rh8 Ne8 47. Ng3 Bg4 48. Bd1 Bxd1 49. Kxd1 Nd6 50. Ra8 Ke7 51. Nf5+ Nxf5 52. exf5 Kf6 53. Rxa5 Kxf5 54. Rxc5 Ke4 55. d6 1-0

[Event "NRW-ch Seniors 16th"]
[Site "Hattingen"]
[Date "2005.05.25"]
[Round "5"]
[White "Szymaniak, Horst"]
[Black "David, Juergen"]
[Result "1-0"]
[WhiteElo "1959"]
[BlackElo "1340"]
[PlyCount "21"]
[EventDate "2005.05.21"]
[EventType "swiss"]
[EventRounds "9"]
[EventCountry "GER"]
[SourceTitle "EXT 2007"]
[Source "ChessBase"]
[SourceDate "2006.11.23"]
[SourceVersion "1"]
[SourceVersionDate "2006.11.23"]
[SourceQuality "1"]

1. e4 c5 2. c3 e5 3. Nf3 d6 4. Bc4 Nf6 5. Qb3 Nxe4 6. Bxf7+ Ke7 7. Bd5 c4 8. Qxc4 Nc5 9. d4 Ne6 10. Bxe6 Nc6 11. Bg5+ 1-0

[Event "NRW-ch Seniors 16th"]
[Site "Hattingen"]
[Date "2005.05.22"]
[Round "2"]
[White "Kuehler, Wolfgang"]
[Black "David, Juergen"]
[Result "1-0"]
[WhiteElo "2025"]
[BlackElo "1340"]
[PlyCount "41"]
[EventDate "2005.05.21"]
[EventType "swiss"]
[EventRounds "9"]
[EventCountry "GER"]
[SourceTitle "EXT 2007"]
[Source "ChessBase"]
[SourceDate "2006.11.23"]
[SourceVersion "1"]
[SourceVersionDate "2006.11.23"]
[SourceQuality "1"]

1. d4 d5 2. c4 b6 3. cxd5 Qxd5 4. Nf3 Qd8 5. e4 e6 6. Nc3 Nd7 7. Bb5 Ngf6 8. Bg5 Be7 9. Ne5 0-0 10. Nc6 Qe8 11. e5 Nd5 12. Nxd5 Bxg5 13. Nxc7 Bb7 14. Nxe8 Rfxe8 15. 0-0 a6 16. f4 axb5 17. fxg5 Bxc6 18. Rc1 Bd5 19. a3 Nf8 20. Rc7 Ng6 21. Rcxf7 1-0

[Event "Bad Sooden-Allendorf Seniors op 16th"]
[Site "Bad Sooden-Allendorf"]
[Date "2004.04.29"]
[Round "8"]
[White "Bernhart, Ernst"]
[Black "David, Juergen"]
[Result "1-0"]
[WhiteElo "1652"]
[BlackElo "1391"]
[PlyCount "83"]
[EventDate "2004.04.22"]
[EventType "swiss"]
[EventRounds "9"]
[EventCountry "GER"]
[SourceTitle "EXT 2006"]
[Source "ChessBase"]
[SourceDate "2005.11.24"]
[SourceVersion "1"]
[SourceVersionDate "2005.11.24"]
[SourceQuality "1"]

1. c4 e6 2. d4 Nf6 3. Nc3 c5 4. Nf3 cxd4 5. Nxd4 Nc6 6. g3 a6 7. Bg2 Nxd4 8. Qxd4 Qc7 9. 0-0 Rb8 10. Bf4 d6 11. Qd3 Be7 12. Rad1 0-0 13. Bxd6 Bxd6 14. Qxd6 Ne8 15. Qd3 b6 16. b3 Bb7 17. Bxb7 Qxb7 18. Ne4 Qe7 19. Rd2 Nf6 20. Rfd1 h6 21. Qf3 Nxe4 22. Qxe4 Rfd8 23. Qe3 Rxd2 24. Qxd2 Kf8 25. Qd6 Rb7 26. e4 Ke8 27. Qc6+ Rd7 28. e5 Qd8 29. Rd6 Ke7 30. Qxb6 Rxd6 31. exd6+ Qxd6 32. Qb7+ Kf6 33. a4 Kg6 34. Qe4+ f5 35. Qe3 Kf6 36. h4 e5 37. a5 Qd4 38. Qxd4 exd4 39. Kf1 Ke5 40. Ke2 h5 41. Kd3 g6 42. f4+ 1-0

[Event "Bad Sooden-Allendorf Seniors op 16th"]
[Site "Bad Sooden-Allendorf"]
[Date "2004.04.25"]
[Round "4"]
[White "Spaete, Erwin"]
[Black "David, Juergen"]
[Result "1-0"]
[WhiteElo "1656"]
[BlackElo "1391"]
[PlyCount "37"]
[EventDate "2004.04.22"]
[EventType "swiss"]
[EventRounds "9"]
[EventCountry "GER"]
[SourceTitle "EXT 2006"]
[Source "ChessBase"]
[SourceDate "2005.11.24"]
[SourceVersion "1"]
[SourceVersionDate "2005.11.24"]
[SourceQuality "1"]

1. d4 Nf6 2. g4 h6 3. Nc3 e6 4. g5 hxg5 5. Bxg5 Be7 6. Qd2 d5 7. 0-0-0 Ng4 8. Bxe7 Qxe7 9. Qf4 Rh4 10. Qg3 f5 11. e3 a6 12. h3 g5 13. Bg2 Nxf2 14. Qxf2 Bd7 15. Nf3 Rh8 16. Qg3 g4 17. hxg4 Rxh1 18. Rxh1 Bc6 19. Rh8+ 1-0

[Event "Bad Sooden-Allendorf Seniors op 16th"]
[Site "Bad Sooden-Allendorf"]
[Date "2004.04.22"]
[Round "1"]
[White "David, Juergen"]
[Black "Hoellger, Herbert"]
[Result "1/2-1/2"]
[WhiteElo "1391"]
[BlackElo "1982"]
[PlyCount "103"]
[EventDate "2004.04.22"]
[EventType "swiss"]
[EventRounds "9"]
[EventCountry "GER"]
[SourceTitle "EXT 2006"]
[Source "ChessBase"]
[SourceDate "2005.11.24"]
[SourceVersion "1"]
[SourceVersionDate "2005.11.24"]
[SourceQuality "1"]

1. d4 Nf6 2. c4 e6 3. Nc3 Bb4 4. Qc2 b6 5. Bf4 Bb7 6. a3 Bxc3+ 7. bxc3 Ne4 8. f3 Nf6 9. e4 d6 10. Bd3 Nbd7 11. Ne2 e5 12. Bg3 Nh5 13. 0-0 g5 14. Rfd1 Qe7 15. Bf2 a5 16. Ng3 Nxg3 17. Bxg3 h5 18. Qc1 Ba6 19. Rd2 h4 20. Be1 f6 21. Qb1 Qf7 22. Qa2 Rb8 23. Rf2 Rd8 24. Bf1 Ke7 25. h3 Kf8 26. Rb2 Kg7 27. Bd2 Nf8 28. Be3 Ne6 29. d5 Nf4 30. Bxf4 gxf4 31. Rd2 Bc8 32. Qc2 Qg6 33. Kh1 Rhg8 34. Rdd1 Kf7 35. Bd3 Rg7 36. Qe2 Rdg8 37. Qf1 Qh5 38. Rd2 Rg3 39. Rc2 Bd7 40. Re1 Ke7 41. Rb1 Qe8 42. Qd1 Qc8 43. Qe2 Qe8 44. Qf1 R3g7 45. Qd1 Qg6 46. Qf1 Qg3 47. Rbc1 Kd8 48. Rd1 Rg5 49. Rdc1 R5g7 50. Rb1 Qg5 51. Re1 Qh5 52. Rb1 1/2-1/2

[Event "Kurpfalz Seniors op 05th"]
[Site "Ludwigshafen"]
[Date "1999.??.??"]
[Round "?"]
[White "Blumenstiel, Heinrich"]
[Black "David, Juergen"]
[Result "1/2-1/2"]
[WhiteElo "1771"]
[BlackElo "1273"]
[PlyCount "92"]
[EventDate "1999.10.09"]
[EventType "swiss"]
[EventRounds "7"]
[EventCountry "GER"]
[SourceTitle "EXT 2007"]
[Source "ChessBase"]
[SourceDate "2006.11.23"]
[SourceVersion "1"]
[SourceVersionDate "2006.11.23"]
[SourceQuality "1"]

1. Nf3 Nc6 2. c4 e5 3. d3 Be7 4. g3 Nf6 5. Bg2 d6 6. 0-0 0-0 7. Nc3 a6 8. a3 Be6 9. b4 e4 10. Ng5 exd3 11. Nxe6 fxe6 12. exd3 Rb8 13. d4 d5 14. c5 Qd7 15. Bb2 Nd8 16. Ne2 c6 17. Nf4 b6 18. Nd3 Nf7 19. Rc1 b5 20. Qe2 Rbe8 21. Ne5 Nxe5 22. dxe5 Ne4 23. Bxe4 dxe4 24. Rcd1 Qc8 25. Qxe4 Rf7 26. Bc1 Rf5 27. f4 Qc7 28. g4 Rf7 29. Rf3 g6 30. f5 exf5 31. gxf5 Rxf5 32. Rxf5 gxf5 33. Qxf5 Rf8 34. Qe6+ Kh8 35. Rd7 Re8 36. Kh1 Qc8 37. Qf5 Rf8 38. Qd3 Rf1+ 39. Qxf1 Qxd7 40. Qf3 Qd5 41. Qxd5 cxd5 42. Kg2 Kg8 43. Kf3 Kf7 44. Bf4 Ke6 45. Ke3 Bd8 46. Kd4 Bc7 1/2-1/2

[Event "Kurpfalz Seniors op 05th"]
[Site "Ludwigshafen"]
[Date "1999.??.??"]
[Round "?"]
[White "Polk, Maria"]
[Black "David, Juergen"]
[Result "1/2-1/2"]
[WhiteElo "1307"]
[BlackElo "1273"]
[PlyCount "59"]
[EventDate "1999.10.09"]
[EventType "swiss"]
[EventRounds "7"]
[EventCountry "GER"]
[SourceTitle "EXT 2007"]
[Source "ChessBase"]
[SourceDate "2006.11.23"]
[SourceVersion "1"]
[SourceVersionDate "2006.11.23"]
[SourceQuality "1"]

1. e4 g6 2. g3 Bg7 3. Bg2 Nf6 4. Ne2 e5 5. 0-0 b6 6. d4 Nc6 7. d5 Ne7 8. Nbc3 d6 9. h3 0-0 10. f4 Nd7 11. f5 Bf6 12. Bh6 Re8 13. Kh2 Bb7 14. Ng1 Nc8 15. fxg6 fxg6 16. Qd2 Bg7 17. Bg5 Nf6 18. Nd1 Rf8 19. Rf3 a6 20. Nf2 Na7 21. Ng4 Nxg4+ 22. hxg4 Qd7 23. Bh3 Nb5 24. Raf1 Rxf3 25. Rxf3 Nd4 26. Rf1 a5 27. c3 Ba6 28. Rf2 Nb5 29. Bf6 Bxf6 30. Rxf6 1/2-1/2

[Event "Kurpfalz Seniors op 05th"]
[Site "Ludwigshafen"]
[Date "1999.??.??"]
[Round "?"]
[White "Schoeler, Klaus"]
[Black "David, Juergen"]
[Result "1-0"]
[WhiteElo "1626"]
[BlackElo "1273"]
[PlyCount "40"]
[EventDate "1999.10.09"]
[EventType "swiss"]
[EventRounds "7"]
[EventCountry "GER"]
[SourceTitle "EXT 2007"]
[Source "ChessBase"]
[SourceDate "2006.11.23"]
[SourceVersion "1"]
[SourceVersionDate "2006.11.23"]
[SourceQuality "1"]

1. c4 c5 2. Nf3 Nc6 3. e3 e6 4. d4 cxd4 5. exd4 Nxd4 6. Qxd4 Nf6 7. Be2 b6 8. Bg5 Bc5 9. Qd3 Bb7 10. 0-0 Be4 11. Qc3 Rc8 12. Bxf6 gxf6 13. Nbd2 Bb7 14. Nh4 Rg8 15. Bf3 Bd5 16. Bxd5 exd5 17. Rfe1+ Kf8 18. Qd3 dxc4 19. Qxh7 d5 20. Qh6+ Rg7 1-0